000 00460nam a22001817a 4500
003 CEME
005 20210628203057.0
008 210127b xxu||||| |||| 00| 0 eng d
020 _a81-7273-012-8
040 _c.
082 _a027 GOP
100 _aGopal, Krishan
_963191
245 _aDigital libraries ; in electronic information era
260 _aDELHI
_bDEEP AND DEEP
_c2004
300 _a216
650 _aDIGITAL LIBRARIES
_963192
942 _cBK
_2ddc
999 _c572091
_d572091